[Event "World Blitz 2023"]
[Site "Samarkand UZB"]
[Date "2023.12.29"]
[EventDate "2023.12.29"]
[Round "2.50"]
[Result "1-0"]
[White "Renato Terry"]
[Black "Daniyal Sapenov"]
[WhiteElo "2578"]
[BlackElo "2289"]
[PlyCount "160"]

1. d4 Nf6 2. Bg5 d5 3. e3 c5 4. c3 Qb6 5. Qb3 c4 6. Qc2 Ne4 7. Bf4 Bf5 8.
f3 Nd6 9. e4 Bg6 10. Nd2 e6 11. h4 h6 12. b3 cxb3 13. axb3 Nc6 14. Bd3 Rc8
15. Qb2 Be7 16. Ne2 O-O 17. Bg3 Bh7 18. Bf2 Rfd8 19. O-O Qc7 20. Qb1 Ne8
21. e5 Bxd3 22. Qxd3 Na5 23. f4 Qb6 24. h5 Bf8 25. Rab1 Nc6 26. f5 Qa6 27.
Qf3 Qa2 28. Be3 Qc2 29. fxe6 Nc7 30. exf7+ Kh8 31. Nf4 Ne7 32. Rfc1 Qh7 33.
Qg4 Qf5 34. Ng6+ Kh7 35. Qxf5 Nxf5 36. Bf2 Ne6 37. g3 Rd7 38. g4 Ne7 39.
Nh4 Nc6 40. Ndf3 Rxf7 41. Be3 Be7 42. Nf5 Bf8 43. Kg2 Ne7 44. N5h4 Kg8 45.
Kg3 Nc6 46. c4 Rd8 47. Rd1 Ne7 48. Rbc1 a6 49. Ne1 Nc6 50. Nef3 Ne7 51. Rc2
Nc6 52. Nf5 Rfd7 53. Rcd2 Bb4 54. Rc2 Bf8 55. Rcc1 Ba3 56. Rb1 Bf8 57. Rf1
Na5 58. c5 Nc6 59. b4 Na7 60. N3h4 Nb5 61. Rb3 Rf7 62. Rf2 b6 63. Ng6 Rb8
64. Ra2 Ra8 65. cxb6 Rb7 66. Ra1 Rxb6 67. Nfe7+ Bxe7 68. Nxe7+ Kh7 69. Nxd5
Rb7 70. Rd3 Rd8 71. Rxa6 Nexd4 72. Nf4 Rc7 73. Bxd4 Nxd4 74. Raa3 Re7 75.
Re3 Nc2 76. Red3 Rde8 77. Rab3 Rxe5 78. b5 Rb8 79. b6 Ne3 80. Rxe3 1-0

[Event "World Blitz 2023"]
[Site "Samarkand UZB"]
[Date "2023.12.29"]
[EventDate "2023.12.29"]
[Round "2.51"]
[Result "0-1"]
[White "Jakub Seemann"]
[Black "Gadir Guseinov"]
[WhiteElo "2332"]
[BlackElo "2563"]
[PlyCount "68"]

1. Nf3 g6 2. g3 Bg7 3. Bg2 d6 4. O-O e5 5. c4 f5 6. Nc3 Nf6 7. d3 O-O 8.
Rb1 Nh5 9. Nd2 Nc6 10. b4 Kh8 11. b5 Nd4 12. e3 Ne6 13. Nd5 Nc5 14. Qc2 f4
15. exf4 exf4 16. Nb3 f3 17. Bh1 Ne6 18. Re1 c6 19. bxc6 bxc6 20. Nc3 d5
21. cxd5 cxd5 22. d4 a5 23. a4 Ng5 24. Bxg5 Qxg5 25. Re3 Bf5 26. Qd1 Bxb1
27. Qxb1 Rab8 28. Qd1 Nf6 29. Bxf3 Qf5 30. Nc5 Ng4 31. Rd3 Rb2 32. Nxd5
Nxf2 33. Qc1 Nxd3 34. Nxd3 Bxd4+ 0-1

[Event "World Blitz 2023"]
[Site "Samarkand UZB"]
[Date "2023.12.29"]
[EventDate "2023.12.29"]
[Round "2.52"]
[Result "1-0"]
[White "Rinat Jumabayev"]
[Black "Nikolay Averin"]
[WhiteElo "2561"]
[BlackElo "2283"]
[PlyCount "80"]

1. Nf3 d5 2. g3 Nf6 3. Bg2 c6 4. c4 Bg4 5. Ne5 Be6 6. cxd5 Bxd5 7. Nf3 e6
8. Nc3 Be7 9. O-O O-O 10. Qc2 Bxf3 11. Bxf3 Nbd7 12. d4 Rc8 13. Rd1 Qc7 14.
b3 Rfd8 15. Bb2 e5 16. dxe5 Nxe5 17. Bg2 a6 18. Ne4 Nxe4 19. Bxe4 g6 20. h4
Bf6 21. h5 Qe7 22. Kg2 Kg7 23. Rh1 Ng4 24. hxg6 fxg6 25. Bf3 Bxb2 26. Qxb2+
Qe5 27. Qc1 Nf6 28. Qh6+ Kg8 29. Rad1 Qe7 30. Qg5 Rxd1 31. Rxd1 Rd8 32.
Rxd8+ Qxd8 33. e4 Qf8 34. e5 Nd5 35. Bxd5+ cxd5 36. e6 Qd6 37. Qf6 d4 38.
Qf7+ Kh8 39. e7 Qc6+ 40. Kh2 1-0

[Event "World Blitz 2023"]
[Site "Samarkand UZB"]
[Date "2023.12.29"]
[EventDate "2023.12.29"]
[Round "2.53"]
[Result "0-1"]
[White "Jamshid Mustafaev"]
[Black "Robert Ruck"]
[WhiteElo "2323"]
[BlackElo "2561"]
[PlyCount "90"]

1. Nf3 d5 2. g3 g6 3. Bg2 Bg7 4. O-O Nf6 5. d3 O-O 6. Nbd2 d4 7. e4 dxe3 8.
fxe3 c5 9. a4 Nc6 10. Nc4 Be6 11. Qe2 Qc8 12. Ng5 Bg4 13. Qf2 h6 14. Nf3
Bh3 15. e4 Bxg2 16. Kxg2 Qe6 17. Qxc5 Rac8 18. Qe3 b6 19. c3 Rfd8 20. Nfd2
Nb8 21. Qe2 Nbd7 22. d4 Nxe4 23. Nxb6 Nxb6 24. Qxe4 Qd7 25. a5 Nd5 26. Nf3
Qb7 27. Kg1 Qb3 28. Ne5 f5 29. Qe2 Kh7 30. Ra3 Qb7 31. a6 Qb6 32. Kh1 Nf6
33. Nf3 Qc6 34. Qg2 Qb6 35. Ne5 Ne4 36. g4 Bxe5 37. gxf5 gxf5 38. Rxf5 Qc6
39. Rxe5 Nf2+ 40. Kg1 Rg8 41. Rxe7+ Kh8 42. Kxf2 Qxg2+ 43. Ke3 Rce8 44.
Rxe8 Rxe8+ 45. Kd3 Qe2# 0-1

[Event "World Blitz 2023"]
[Site "Samarkand UZB"]
[Date "2023.12.29"]
[EventDate "2023.12.29"]
[Round "2.54"]
[Result "0-1"]
[White "Munkhdalai Amilal"]
[Black "Manuel Petrosyan"]
[WhiteElo "2293"]
[BlackElo "2556"]
[PlyCount "118"]

1. e4 e5 2. Nf3 Nc6 3. Bb5 a6 4. Ba4 Nf6 5. O-O Be7 6. Re1 b5 7. Bb3 O-O 8.
c3 d5 9. exd5 Nxd5 10. Nxe5 Nxe5 11. Rxe5 Bb7 12. d3 Bf6 13. Re1 Re8 14.
Rxe8+ Qxe8 15. Bxd5 Bxd5 16. Be3 Qc6 17. Qf1 b4 18. d4 a5 19. a3 Bc4 20.
Qd1 bxa3 21. Nxa3 Bd5 22. Qf1 Rb8 23. c4 Be4 24. Nb5 Ra8 25. Nc3 Bg6 26.
Nd5 Bd8 27. b3 Qb7 28. Qd1 c6 29. Nc3 Bf6 30. Na4 h6 31. Nc5 Qc7 32. b4 Ra7
33. Qa4 Qd8 34. bxa5 Bxd4 35. Qd1 Bf6 36. Qxd8+ Bxd8 37. a6 Ra8 38. Nd7 Bd3
39. Ne5 Bf6 40. Bd4 Bxc4 41. a7 Bd5 42. f4 g5 43. g3 gxf4 44. gxf4 Kh7 45.
Kf2 Be7 46. Nd7 c5 47. Bxc5 Bh4+ 48. Ke3 Re8+ 49. Kd4 Bc6 50. Nb6 Bf6+ 51.
Kc4 Bxa1 52. Bd6 Re4+ 53. Kc5 Bb7 54. Kb5 Bd4 55. a8=Q Bxa8 56. Nxa8 Be3
57. Nc7 Bxf4 58. Bxf4 Rxf4 59. Nd5 Rh4 0-1

[Event "World Blitz 2023"]
[Site "Samarkand UZB"]
[Date "2023.12.29"]
[EventDate "2023.12.29"]
[Round "2.55"]
[Result "0-1"]
[White "Sergey Grigoriants"]
[Black "Khumoyun Begmuratov"]
[WhiteElo "2532"]
[BlackElo "2276"]
[PlyCount "80"]

1. e4 e5 2. Nf3 Nc6 3. Bb5 a6 4. Ba4 Nf6 5. O-O d6 6. c3 Bd7 7. Re1 g6 8.
d4 Bg7 9. h3 O-O 10. Bc2 Re8 11. Nbd2 b5 12. Nf1 Na5 13. Bg5 h6 14. Bh4 Qc8
15. a4 Nh5 16. Ne3 exd4 17. cxd4 c5 18. axb5 axb5 19. Nd5 Bxh3 20. gxh3
Qxh3 21. Qe2 cxd4 22. Bd1 Qg4+ 23. Kh2 Nc4 24. Rxa8 Rxa8 25. Rg1 Be5+ 26.
Nxe5 Qxh4+ 27. Kg2 Nxe5 28. Rh1 Nf4+ 29. Nxf4 Qxf4 30. Qxb5 Qxe4+ 31. f3
Qe3 32. Qd5 Rd8 33. Bb3 Kg7 34. Rf1 Nd3 35. Qe4 Qg5+ 36. Kh2 Qe5+ 37. Kg2
Nf4+ 38. Kg3 g5 39. Rd1 d3 40. Kf2 Qxb2+ 0-1

[Event "World Blitz 2023"]
[Site "Samarkand UZB"]
[Date "2023.12.29"]
[EventDate "2023.12.29"]
[Round "2.56"]
[Result "1-0"]
[White "Nikita Petrov"]
[Black "Mikhail Markov"]
[WhiteElo "2521"]
[BlackElo "2255"]
[PlyCount "82"]

1. d4 Nf6 2. Bg5 d5 3. Nd2 c5 4. dxc5 e6 5. e4 Be7 6. e5 Nfd7 7. Bf4 Nxc5
8. Ngf3 O-O 9. Be2 b6 10. h4 Ba6 11. h5 Qc7 12. h6 g6 13. O-O Bxe2 14. Qxe2
Nc6 15. a3 Rac8 16. Rac1 Rfd8 17. b4 Na4 18. c4 d4 19. Ne4 Nc3 20. Nxc3
dxc3 21. Qe4 a5 22. b5 Nb8 23. Rxc3 Nd7 24. Qe3 Nc5 25. Bg5 Na4 26. Rcc1
Nc5 27. Rfd1 Rxd1+ 28. Rxd1 Rd8 29. Rxd8+ Qxd8 30. Bxe7 Qxe7 31. Qd4 Qf8
32. Ng5 Qxh6 33. Qd8+ Qf8 34. Qxb6 Nd3 35. Qd4 Qxa3 36. Qd8+ Qf8 37. Qxd3
a4 38. c5 h6 39. Ne4 Qa8 40. c6 a3 41. c7 1-0

[Event "World Blitz 2023"]
[Site "Samarkand UZB"]
[Date "2023.12.29"]
[EventDate "2023.12.29"]
[Round "2.57"]
[Result "1-0"]
[White "Van Foreest, Lucas"]
[Black "Eldiar Orozbaev"]
[WhiteElo "2519"]
[BlackElo "2236"]
[PlyCount "106"]

1. c4 c5 2. Nf3 Nc6 3. Nc3 g6 4. e3 Bg7 5. d4 d6 6. Be2 cxd4 7. exd4 Bg4 8.
d5 Bxf3 9. Bxf3 Ne5 10. Be2 Rc8 11. Qb3 Qd7 12. O-O f5 13. Be3 b6 14. a4
Nf6 15. a5 O-O 16. axb6 axb6 17. Nb5 Ra8 18. Bxb6 Qb7 19. Bd4 Ne4 20. f3
Nd2 21. Qc3 Nxf1 22. Rxf1 f4 23. b3 Ra2 24. Re1 Rc8 25. Bf1 Bf6 26. c5 Qxd5
27. Rxe5 Qb7 28. Bc4+ Kf8 29. Re1 e5 30. Bf2 Rxf2 31. Kxf2 Rxc5 32. Kf1
Qxb5 33. Qd3 Qc6 34. Rd1 Be7 35. Bd5 Qb5 36. Bc4 Qb7 37. Bd5 Qb5 38. Bc4
Qb7 39. Kg1 Kg7 40. Kh1 Qc7 41. Qe4 Qc6 42. Qe2 Bf6 43. Qd3 Be7 44. Bd5 Qc7
45. b4 Rc3 46. Qd2 Re3 47. b5 Qb6 48. Bc6 h5 49. Qa2 h4 50. Qe6 Bg5 51.
Qxd6 h3 52. Qd7+ Kh8 53. Qe8+ Kh7 1-0

[Event "World Blitz 2023"]
[Site "Samarkand UZB"]
[Date "2023.12.29"]
[EventDate "2023.12.29"]
[Round "2.58"]
[Result "0-1"]
[White "O`gorman, Tom"]
[Black "Jinshi Bai"]
[WhiteElo "2288"]
[BlackElo "2516"]
[PlyCount "62"]

1. d4 Nf6 2. c4 g6 3. Nc3 d5 4. cxd5 Nxd5 5. e4 Nxc3 6. bxc3 Bg7 7. Nf3 c5
8. Be2 Nc6 9. Be3 Bg4 10. e5 O-O 11. O-O Rc8 12. h3 cxd4 13. cxd4 Be6 14.
Ng5 Bd5 15. Bf3 Bxf3 16. Nxf3 Qd5 17. Rb1 Na5 18. a4 Nc4 19. Rb5 Qd7 20.
Qd3 Rfd8 21. Rc1 a6 22. Rbb1 Nxe5 23. Nxe5 Rxc1+ 24. Rxc1 Bxe5 25. Qe4 Bd6
26. d5 Rc8 27. Rd1 b5 28. axb5 axb5 29. Bd4 b4 30. Bb2 Qf5 31. Qd4 0-1

[Event "World Blitz 2023"]
[Site "Samarkand UZB"]
[Date "2023.12.29"]
[EventDate "2023.12.29"]
[Round "2.59"]
[Result "0-1"]
[White "Boris Savchenko"]
[Black "Almas Rakhmatullaev"]
[WhiteElo "2513"]
[BlackElo "2218"]
[PlyCount "74"]

1. c4 Nf6 2. Nc3 g6 3. e4 d6 4. d4 Bg7 5. Be2 O-O 6. Be3 Nbd7 7. g4 e5 8.
d5 Nc5 9. f3 a5 10. Qd2 Ne8 11. h4 f5 12. exf5 gxf5 13. O-O-O Nf6 14. h5
fxg4 15. h6 Bh8 16. Bxc5 dxc5 17. fxg4 Nxg4 18. Nh3 Rf6 19. Ne4 Rg6 20.
Nxc5 Bf5 21. Rdf1 Nxh6 22. Bh5 Bg7 23. Bxg6 hxg6 24. Ng5 Qf6 25. Nge6 Ng4
26. Ne4 Qe7 27. Nxg7 Kxg7 28. Ng5 Qc5 29. Rh7+ Kg8 30. Qc3 Nf2 31. b3 Qa3+
32. Kd2 Qxa2+ 33. Ke3 Ng4+ 34. Kf3 Nh2+ 35. Rxh2 Qxh2 36. Qe3 Rf8 37. Rf2
Bd3+ 0-1

[Event "World Blitz 2023"]
[Site "Samarkand UZB"]
[Date "2023.12.29"]
[EventDate "2023.12.29"]
[Round "2.60"]
[Result "0-1"]
[White "Sinisa Drazic"]
[Black "Guha Mitrabha"]
[WhiteElo "2276"]
[BlackElo "2512"]
[PlyCount "138"]

1. d4 Nf6 2. Bg5 e6 3. e4 h6 4. Bxf6 Qxf6 5. Nc3 d6 6. Qd2 g6 7. h4 Bg7 8.
Nf3 Nc6 9. O-O-O a6 10. Kb1 Bd7 11. e5 Qe7 12. Qe3 d5 13. h5 g5 14. Ne2 Na5
15. Nc1 Nc4 16. Qc3 b5 17. Nd3 Bc8 18. Nc5 Nb6 19. Bd3 Nd7 20. Rhe1 Bf8 21.
Nxd7 Qxd7 22. Nh2 Kd8 23. Ng4 Qe7 24. Rf1 c5 25. dxc5 Qxc5 26. Qa5+ Qc7 27.
Qe1 Ra7 28. f4 gxf4 29. Rxf4 Rg8 30. Qe2 Rg5 31. Rdf1 Bg7 32. Qf2 Ke8 33.
a3 Rb7 34. Qe3 Qb6 35. Qf3 Qc7 36. Nf6+ Kd8 37. Ng4 a5 38. g3 b4 39. axb4
axb4 40. b3 Ra7 41. Kc1 Bxe5 42. Nxe5 Rxe5 43. Bh7 Qc3 44. Qxc3 bxc3 45.
Kb1 f5 46. Bg6 Ke7 47. g4 d4 48. Rxd4 Rea5 49. Ra4 fxg4 50. Rf7+ Kd6 51.
Rxa7 Re5 52. Rxg4 Re1+ 53. Ka2 e5 54. Ka3 Bxg4 55. Ra6+ Kc5 56. Ra5+ Kb6
57. Kb4 e4 58. Re5 e3 59. Kxc3 e2 60. Bd3 Kc6 61. b4 Kd6 62. Re3 Bxh5 63.
b5 Bg4 64. Re8 h5 65. Rd8+ Kc7 66. Re8 Kd7 67. Re3 Kd6 68. Kc4 h4 69. Re4
0-1

[Event "World Blitz 2023"]
[Site "Samarkand UZB"]
[Date "2023.12.29"]
[EventDate "2023.12.29"]
[Round "2.61"]
[Result "1-0"]
[White "Kanan Garayev"]
[Black "Rustam Khusnutdinov"]
[WhiteElo "2260"]
[BlackElo "2499"]
[PlyCount "48"]

1. d4 d5 2. Nf3 Nf6 3. c3 e6 4. Bf4 c5 5. e3 Nc6 6. Nbd2 Nh5 7. Bg5 Qb6 8.
Qb3 h6 9. Bh4 g5 10. Bg3 Nxg3 11. hxg3 Bg7 12. Qa3 cxd4 13. exd4 g4 14. Nh4
Nxd4 15. cxd4 Bxd4 16. O-O-O Bd7 17. Kb1 Bxf2 18. Be2 h5 19. Rhf1 Qe3 20.
Bd3 Qxg3 21. Qc3 Rf8 22. Ng6 fxg6 23. Bxg6+ Kd8 24. Qxg3 1-0

[Event "World Blitz 2023"]
[Site "Samarkand UZB"]
[Date "2023.12.29"]
[EventDate "2023.12.29"]
[Round "2.62"]
[Result "1-0"]
[White "Deshun Xiu"]
[Black "Rojas Salas, Steven"]
[WhiteElo "2493"]
[BlackElo "2210"]
[PlyCount "132"]

1. d4 d5 2. c4 e6 3. Nc3 c5 4. e3 Nf6 5. Nf3 Nc6 6. cxd5 exd5 7. Bb5 cxd4
8. Nxd4 Bd7 9. O-O Bd6 10. Nf3 Be6 11. b3 O-O 12. Bb2 Qe7 13. Rc1 Rfd8 14.
h3 Rac8 15. Ne2 Ne4 16. Ned4 Bd7 17. Qe2 Bb8 18. Nxc6 Bxc6 19. Rfd1 Qd6 20.
Be5 Qb4 21. Bxc6 bxc6 22. Bxb8 Qxb8 23. Nd4 c5 24. Nf5 Qe5 25. Qg4 g6 26.
Nh4 h5 27. Qe2 Nc3 28. Qb2 d4 29. Re1 Qf6 30. Nf3 Kg7 31. Rc2 Rc6 32. Rd2
Rcd6 33. exd4 cxd4 34. Rd3 Rd5 35. Qd2 Nb5 36. Re4 a6 37. h4 Qb6 38. Ng5
Qf6 39. Rf4 Qe7 40. Rxf7+ Qxf7 41. Nxf7 Kxf7 42. Qh6 Rf5 43. Rg3 Rf6 44.
Qh7+ Ke6 45. Qb7 Nd6 46. Qxa6 Rc8 47. Qd3 Rc1+ 48. Kh2 Rc3 49. Qxd4 Rxg3
50. fxg3 Rf5 51. a4 Re5 52. b4 Re4 53. Qc3 Nc4 54. Qd3 Ke5 55. a5 Ne3 56.
Qc3+ Kd5 57. Qc5+ Ke6 58. Qc6+ Ke5 59. Qc5+ Ke6 60. Kg1 Ng4 61. Qc6+ Ke5
62. Qc3+ Ke6 63. a6 Kf7 64. Qf3+ Nf6 65. Qxe4 Nxe4 66. a7 1-0

[Event "World Blitz 2023"]
[Site "Samarkand UZB"]
[Date "2023.12.29"]
[EventDate "2023.12.29"]
[Round "2.63"]
[Result "0-1"]
[White "Mergen Kakabayev"]
[Black "Sandipan Chanda"]
[WhiteElo "2255"]
[BlackElo "2490"]
[PlyCount "60"]

1. e4 c5 2. Nf3 d6 3. d4 cxd4 4. Nxd4 Nf6 5. Nc3 a6 6. Bg5 e6 7. f4 Qb6 8.
Qd2 Qxb2 9. Rb1 Qa3 10. f5 Be7 11. fxe6 Bxe6 12. Rxb7 Nbd7 13. Nxe6 fxe6
14. Bd3 Nc5 15. Rb1 Rc8 16. O-O Nxd3 17. Rb3 Qc5+ 18. Be3 Qc7 19. cxd3 O-O
20. h3 d5 21. Qe2 Bd6 22. exd5 exd5 23. Bd4 Bc5 24. Bxc5 Qxc5+ 25. Kh1 d4
26. Ne4 Nxe4 27. dxe4 Rxf1+ 28. Qxf1 a5 29. Rd3 Qe5 30. Qf2 Rc1+ 0-1

[Event "World Blitz 2023"]
[Site "Samarkand UZB"]
[Date "2023.12.29"]
[EventDate "2023.12.29"]
[Round "2.64"]
[Result "1-0"]
[White "Victor Bologan"]
[Black "Miraziz Kuziev"]
[WhiteElo "2489"]
[BlackElo "2196"]
[PlyCount "70"]

1. e4 e5 2. Nf3 Nc6 3. Bc4 Bc5 4. c3 Nf6 5. d3 d6 6. Nbd2 a6 7. Bb3 Ba7 8.
h3 h6 9. Nf1 Nh5 10. g4 Nf4 11. Bxf4 exf4 12. d4 Qe7 13. Qd3 h5 14. g5 Bf5
15. N1d2 O-O-O 16. O-O-O Bh7 17. Rde1 Rhe8 18. Qc4 Bg8 19. Ba4 f5 20. d5
Ne5 21. Nxe5 Qxe5 22. Bxe8 Rxe8 23. Nf3 Qe7 24. exf5 Qd7 25. Rxe8+ Qxe8 26.
Re1 Qf7 27. g6 Qd7 28. Qe4 Kd8 29. Nd4 Bxd4 30. cxd4 c6 31. dxc6 bxc6 32.
Qxf4 Bxa2 33. f6 gxf6 34. Qxf6+ Kc8 35. Qf8+ 1-0

[Event "World Blitz 2023"]
[Site "Samarkand UZB"]
[Date "2023.12.29"]
[EventDate "2023.12.29"]
[Round "2.65"]
[Result "0-1"]
[White "Harold Wanyama"]
[Black "Liam Vrolijk"]
[WhiteElo "2228"]
[BlackElo "2487"]
[PlyCount "70"]

1. d4 Nf6 2. c4 e6 3. g3 Bb4+ 4. Nd2 c5 5. a3 Bxd2+ 6. Qxd2 cxd4 7. Qxd4
Nc6 8. Qd1 d5 9. cxd5 exd5 10. Nf3 O-O 11. Bg2 h6 12. O-O Re8 13. b4 Bg4
14. Bb2 Ne4 15. Nd4 Ng5 16. Nxc6 bxc6 17. Qd4 Qf6 18. Qxf6 gxf6 19. e3 Re6
20. Rfc1 Nf3+ 21. Kh1 Nd2 22. Rc2 Nc4 23. Bd4 Bf5 24. Rc3 a6 25. f3 a5 26.
Rac1 axb4 27. axb4 Ra2 28. e4 Bg6 29. Bh3 Rd6 30. Bc5 Rd8 31. Be7 Rb8 32.
Bf1 Nd2 33. exd5 cxd5 34. Bxf6 Kh7 35. Rc8 Rxc8 0-1

[Event "World Blitz 2023"]
[Site "Samarkand UZB"]
[Date "2023.12.29"]
[EventDate "2023.12.29"]
[Round "2.66"]
[Result "1-0"]
[White "Jakub Kosakowski"]
[Black "Khalil Nafri"]
[WhiteElo "2485"]
[BlackElo "2151"]
[PlyCount "78"]

1. e4 c5 2. Nf3 Nc6 3. Bb5 g6 4. O-O Bg7 5. c3 Nf6 6. Re1 O-O 7. d4 cxd4 8.
cxd4 d5 9. e5 Ne4 10. Bxc6 bxc6 11. Nbd2 Nxd2 12. Bxd2 Qb6 13. Qc2 Bg4 14.
Be3 Bxf3 15. gxf3 f6 16. f4 Rac8 17. Rac1 fxe5 18. fxe5 Qc7 19. Qe2 Qd7 20.
Rc3 c5 21. Rxc5 Rxc5 22. dxc5 Bxe5 23. Bh6 Rf5 24. Qg4 Bxh2+ 25. Kh1 Be5
26. Bg5 Qb5 27. b4 Qd3 28. Be3 Rh5+ 29. Kg2 Rh2+ 30. Kg1 Rh5 31. Rd1 Qc2
32. Rxd5 Qb1+ 33. Rd1 Qxa2 34. c6 Qc2 35. Bc5 Rg5 36. Qxg5 Qxd1+ 37. Kg2
Qd5+ 38. f3 Kf7 39. Qxe7+ 1-0

[Event "World Blitz 2023"]
[Site "Samarkand UZB"]
[Date "2023.12.29"]
[EventDate "2023.12.29"]
[Round "2.67"]
[Result "1-0"]
[White "Shahruh Turayev"]
[Black "Bardiya Daneshvar"]
[WhiteElo "2168"]
[BlackElo "2483"]
[PlyCount "88"]

1. d4 Nf6 2. Nf3 b6 3. c4 Bb7 4. g3 g6 5. Bg2 Bg7 6. O-O O-O 7. Nc3 Ne4 8.
Qc2 Nxc3 9. bxc3 c5 10. Rb1 d6 11. e4 Nc6 12. Be3 Na5 13. Nd2 Rc8 14. d5
Ba6 15. Qd3 Qd7 16. Rfe1 Qa4 17. Bf1 Rcd8 18. f4 e6 19. f5 Qa3 20. dxe6
fxe6 21. fxe6 Rde8 22. Qd5 Kh8 23. Bh3 Qxc3 24. Rbc1 Qa3 25. Qxd6 Bc8 26.
Bg5 Nb7 27. Qc7 Qd3 28. e7 Rg8 29. Bxc8 Rxc8 30. Qxb7 Bd4+ 31. Kh1 Rce8 32.
Qd5 h6 33. Bf6+ Rg7 34. Qf7 Rxe7 35. Bxg7+ Bxg7 36. Qxe7 Qxd2 37. Qe8+ Kh7
38. Rf1 h5 39. Qf7 a6 40. Rce1 b5 41. cxb5 axb5 42. e5 c4 43. e6 Qd5+ 44.
Qf3 1-0

[Event "World Blitz 2023"]
[Site "Samarkand UZB"]
[Date "2023.12.29"]
[EventDate "2023.12.29"]
[Round "2.68"]
[Result "1-0"]
[White "Savva Vetokhin"]
[Black "Roman Shogdzhiev"]
[WhiteElo "2483"]
[BlackElo "2117"]
[PlyCount "98"]

1. d4 d5 2. c4 c6 3. Nc3 Nf6 4. e3 e6 5. Nf3 Nbd7 6. Bd3 dxc4 7. Bxc4 b5 8.
Be2 Bb7 9. O-O a6 10. e4 c5 11. d5 exd5 12. e5 d4 13. exf6 Nxf6 14. Nxb5
Be7 15. Na3 O-O 16. Nc4 Qd5 17. Na5 Rad8 18. Nxb7 Qxb7 19. Bc4 Ne4 20. Qd3
Nd6 21. b3 Bf6 22. Bf4 Ne4 23. Bxa6 Qa8 24. Rfe1 Rfe8 25. Bb5 Re7 26. a4
Nc3 27. Rxe7 Bxe7 28. Bc4 g6 29. Bd2 Nd5 30. Bxd5 Qxd5 31. a5 Rb8 32. a6
Ra8 33. a7 Bd8 34. Qb5 f5 35. b4 Kg7 36. Qxc5 Qb7 37. Qxd4+ Bf6 38. Ne5 Re8
39. Bf4 Ra8 40. h4 Qb5 41. Ra5 Qe2 42. Qd7+ Kh8 43. Qe6 Qd1+ 44. Kh2 Bxh4
45. Nf7+ Kg7 46. Bh6+ Kg8 47. Ng5+ Kh8 48. Qf6+ Kg8 49. Qg7# 1-0

[Event "World Blitz 2023"]
[Site "Samarkand UZB"]
[Date "2023.12.29"]
[EventDate "2023.12.29"]
[Round "2.69"]
[Result "0-1"]
[White "Faustino Oro"]
[Black "Dmitry Bocharov"]
[WhiteElo "2105"]
[BlackElo "2482"]
[PlyCount "108"]

1. e4 c5 2. Nf3 d6 3. c3 Nf6 4. h3 Nc6 5. Bd3 e5 6. Bc2 d5 7. exd5 Qxd5 8.
Qe2 Be7 9. d3 O-O 10. Nbd2 Bf5 11. O-O Rad8 12. Ne4 h6 13. Re1 Rfe8 14.
Nfd2 Bg6 15. Nxf6+ Bxf6 16. Ne4 Be7 17. Be3 b6 18. Qg4 Kh7 19. c4 Qd7 20.
Qxd7 Rxd7 21. Ba4 Rc8 22. Nc3 Bxd3 23. Nd5 Bxc4 24. Bc2+ Kg8 25. Bf5 Rxd5
26. Bxc8 Nd4 27. Bxd4 cxd4 28. b3 Bb5 29. Rac1 Bb4 30. Bb7 Bxe1 31. Bxd5
Bc3 32. Bc4 Bc6 33. f3 Kf8 34. Bd3 g6 35. Kf2 Ke7 36. g4 Bd5 37. Be4 Be6
38. Bd3 f5 39. h4 Kf6 40. Rg1 Bd5 41. Rc1 e4 42. fxe4 fxe4 43. Bc4 Bxc4 44.
bxc4 Ke5 45. Ke2 Bb4 46. Rf1 d3+ 47. Ke3 Bc5+ 48. Kd2 Kd4 49. Rf4 g5 50.
hxg5 hxg5 51. Rf7 e3+ 52. Kd1 e2+ 53. Ke1 Bb4+ 54. Kf2 e1=Q+ 0-1

[Event "World Blitz 2023"]
[Site "Samarkand UZB"]
[Date "2023.12.29"]
[EventDate "2023.12.29"]
[Round "2.70"]
[Result "1-0"]
[White "Asrorjon Omonov"]
[Black "Ilia Iljiushenok"]
[WhiteElo "2069"]
[BlackElo "2479"]
[PlyCount "102"]

1. d4 Nf6 2. c4 e6 3. Nc3 Bb4 4. e3 O-O 5. Bd3 d5 6. cxd5 exd5 7. Ne2 Re8
8. O-O Bd6 9. Qc2 a6 10. Bd2 Nbd7 11. f3 c5 12. Rad1 b5 13. Bc1 Bb7 14.
dxc5 Bxc5 15. Nd4 Rc8 16. Qf2 Ne5 17. Bf5 Rc7 18. Kh1 Rce7 19. Qh4 Qb6 20.
Nc2 Ng6 21. Qh3 a5 22. a3 Re5 23. b4 axb4 24. axb4 Bf8 25. Ne2 Ne7 26. Bd3
Rh5 27. Qg3 Nf5 28. Bxf5 Rxf5 29. Bb2 Bd6 30. Qf2 Bb8 31. Ng3 Ne4 32. Nxf5
Nxf2+ 33. Rxf2 Re6 34. Ncd4 Rf6 35. Ng3 Bxg3 36. hxg3 Qd6 37. f4 Qxb4 38.
Nf3 Rh6+ 39. Kg1 f6 40. Rc1 Qe7 41. Nd4 Qxe3 42. Nf5 Qe4 43. Nxh6+ gxh6 44.
Rd1 Kf7 45. Bd4 b4 46. Rb2 Qe7 47. Rdb1 Ba6 48. Rxb4 Qe2 49. R1b2 Qd1+ 50.
Kh2 Bd3 51. Rb6 1-0

[Event "World Blitz 2023"]
[Site "Samarkand UZB"]
[Date "2023.12.29"]
[EventDate "2023.12.29"]
[Round "2.71"]
[Result "1-0"]
[White "Elham Amar"]
[Black "Felix Xie"]
[WhiteElo "2470"]
[BlackElo "2107"]
[PlyCount "54"]

1. e4 c5 2. Nf3 e6 3. c3 d5 4. e5 d4 5. d3 Nc6 6. g3 Nge7 7. Bg2 Ng6 8. Qe2
Qc7 9. O-O f6 10. cxd4 cxd4 11. exf6 gxf6 12. Na3 Be7 13. h4 h5 14. Nb5 Qb6
15. a4 a6 16. Na3 e5 17. Nc4 Qc7 18. a5 Be6 19. Nfd2 Kf7 20. Ne4 Kg7 21.
Bd2 Rad8 22. Rac1 Bg4 23. f3 Be6 24. Nb6 Nf8 25. f4 Nd7 26. fxe5 Ncxe5 27.
Rxc7 Nc6 1-0

[Event "World Blitz 2023"]
[Site "Samarkand UZB"]
[Date "2023.12.29"]
[EventDate "2023.12.29"]
[Round "2.72"]
[Result "1-0"]
[White "Andrew Hong"]
[Black "Mustafokhuja Khusenkhojaev"]
[WhiteElo "2460"]
[BlackElo "2082"]
[PlyCount "104"]

1. e4 e5 2. Nf3 Nc6 3. Bc4 Bc5 4. c3 Nf6 5. d3 O-O 6. Bg5 h6 7. Bh4 Be7 8.
Nbd2 d6 9. b4 Nh5 10. Bxe7 Qxe7 11. a4 a6 12. Nf1 Be6 13. Bxe6 fxe6 14. Ne3
Nf4 15. O-O b5 16. axb5 axb5 17. Rxa8 Rxa8 18. g3 Ng6 19. d4 exd4 20. Nxd4
Nxd4 21. cxd4 c5 22. bxc5 dxc5 23. dxc5 Qxc5 24. Qb3 Nf8 25. Rb1 Rb8 26.
Qb2 b4 27. Rc1 Qd6 28. Nc4 Qd3 29. Ne5 Qxe4 30. Rc7 Rb7 31. Rc8 Qe1+ 32.
Kg2 Qe4+ 33. f3 Qf5 34. Qd4 b3 35. Nd3 e5 36. Qd5+ Qf7 37. Qxe5 Re7 38. Qc5
Re2+ 39. Nf2 b2 40. Rb8 Qa2 41. Qxf8+ Kh7 42. Qh8+ Kg6 43. Rb6+ Re6 44.
Qe8+ Kf6 45. Qf8+ Kg6 46. Qe8+ Kf6 47. Qd8+ Kf7 48. Rb7+ Kg6 49. Qd3+ Kf6
50. Ng4+ Kg5 51. Rxg7+ Kh5 52. Qf5# 1-0

[Event "World Blitz 2023"]
[Site "Samarkand UZB"]
[Date "2023.12.29"]
[EventDate "2023.12.29"]
[Round "2.73"]
[Result "1/2-1/2"]
[White "Mohamed Tissir"]
[Black "Jaloliddin Ilkhomi"]
[WhiteElo "2458"]
[BlackElo "2054"]
[PlyCount "96"]

1. e4 e6 2. d4 d5 3. Nc3 Bb4 4. exd5 exd5 5. Bd3 Nc6 6. a3 Bxc3+ 7. bxc3
Nge7 8. Nf3 O-O 9. O-O Bf5 10. Re1 Qd7 11. Bf4 f6 12. h3 Rae8 13. Bg3 Bg6
14. c4 Bxd3 15. Qxd3 dxc4 16. Qxc4+ Qd5 17. Qxd5+ Nxd5 18. c4 Nb6 19. d5
Ne5 20. Nxe5 fxe5 21. Bxe5 Rf7 22. Bg3 Rxe1+ 23. Rxe1 Nxc4 24. Re8+ Rf8 25.
Re7 Rf7 26. Rxc7 Rxc7 27. Bxc7 Kf7 28. a4 Ke7 29. Kf1 Kd7 30. Bb8 a5 31.
Ke2 Nb6 32. Kd3 Nxa4 33. Kc4 Nb2+ 34. Kb5 a4 35. Be5 a3 36. Bxg7 Kd6 37.
Bf8+ Kxd5 38. Bxa3 Nd3 39. Kb6 Nxf2 40. Kxb7 Nd3 41. h4 h5 42. Kc7 Ke5 43.
g3 Kf5 44. Kd6 Kg4 45. Ke6 Ne1 46. Bd6 Nf3 47. Kf6 Nxh4 48. gxh4 Kxh4
1/2-1/2

[Event "World Blitz 2023"]
[Site "Samarkand UZB"]
[Date "2023.12.29"]
[EventDate "2023.12.29"]
[Round "2.74"]
[Result "1-0"]
[White "Sergey Sklokin"]
[Black "Mukhammadzokhid Suyarov"]
[WhiteElo "1995"]
[BlackElo "2449"]
[PlyCount "104"]

1. e4 e5 2. Nf3 Nf6 3. Nxe5 d6 4. Nf3 Nxe4 5. d3 Nf6 6. d4 g6 7. Bd3 Bg7 8.
O-O O-O 9. c3 c5 10. h3 Nc6 11. Bg5 cxd4 12. cxd4 h6 13. Bh4 Kh7 14. Nc3
Qa5 15. a3 Qh5 16. Bxf6 Bxf6 17. Ne4 Be7 18. Re1 Qa5 19. b4 Qd8 20. d5 Ne5
21. Nxe5 dxe5 22. Bc4 f5 23. d6 fxe4 24. dxe7 Qxe7 25. Rxe4 Bf5 26. Re3
Rad8 27. Qe2 e4 28. g4 Qg5 29. f4 Qxf4 30. gxf5 gxf5 31. Rf1 Qg5+ 32. Kh1
Rde8 33. Rg1 Qf6 34. Reg3 f4 35. Rg7+ Qxg7 36. Rxg7+ Kxg7 37. Qg4+ Kh7 38.
Qd7+ Kh8 39. Bf7 Rd8 40. Qe6 Rd1+ 41. Kg2 f3+ 42. Kf2 Rd2+ 43. Ke1 Re2+ 44.
Kf1 Rxf7 45. Qxf7 e3 46. Qe8+ Kg7 47. Qd7+ Kf6 48. Qd6+ Kf5 49. Qd5+ Kf4
50. Qd4+ Kg3 51. Qg4+ Kh2 52. Qf4+ 1-0